000 00339nam a2200133Ia 4500
005 20260328104314.0
008 260328s9999||||xx |||||||||||||| ||und||
100 _aVelasco, Ernesto
245 0 _aCómo Acercarse a la Arquitectura /
_cErnesto Velasco
260 _bLimusa Noriega
300 _a2001 p.
650 _aHISTORIA
942 _cBK
999 _c11091
_d11091